| 000 | 00617nam a2200181 i 4500 | ||
|---|---|---|---|
| 001 | bg | ||
| 100 | 1 | _aGARBACIK, Andrzej | |
| 245 | 0 |
_aPomiary i diagnostyka maszyn roboczych ciężkich. Aparatura i metody pomiarowe. Skrypt dla studentów wyższych szkół technicznych / _cAndrzej Garbacik, Kazimierz Szewczyk. |
|
| 260 |
_aKraków : _bPolit. Krakowska, _c1974. |
||
| 300 |
_as. 239 : _brys., tab., tabl. |
||
| 504 | _a[Zawiera bibliogr. s. 235-239]. | ||
| 700 | 1 | _aSZEWCZYK, Kazimierz | |
| 040 | _cBPK | ||
| 041 | _apol | ||
| 080 | _a621+681.2:536 | ||
| 942 | _cKS | ||
| 008 | s pl f |000 0 pol | ||
| 999 |
_c16055 _d16055 |
||
| 856 |
_uhttp://koha.tu.koszalin.pl/cgi-bin/koha/opac-detail.pl?biblionumber=16055 _yKatalog online BPK |
||